Islamic Government (Record no. 11096)

MARC details
000 -LEADER
fixed length control field 00593nam a2200241 a 4500
020 ## - INTERNATIONAL STANDARD BOOK NUMBER
ISBN
082 00 - DEWEY DECIMAL CLASSIFICATION NUMBER
Classification number 297.82
Author Cutter KHO
100 ## - MAIN ENTRY--AUTHOR NAME
Author name Khomeini, Ayatullah
245 ## - TITLE STATEMENT
Title Islamic Government
260 ## - PUBLICATION, DISTRIBUTION, ETC. (IMPRINT)
Place of publication Malapuram
Name of publisher Islamic Foundation Pres
Year of publication 1988
300 ## - PHYSICAL DESCRIPTION
Number of Pages 166p
500 ## - GENERAL NOTE
General note includes index and biblioraphy
505 2# - FORMATTED CONTENTS NOTE
Formatted contents note index
650 ## - SUBJECT ADDED ENTRY--TOPICAL TERM
Topical Term Shiah-Doctrines-Political
942 ## - ADDED ENTRY ELEMENTS (KOHA)
Koha item type Books
700 1# -
-- Khomeini, Ayatullah
Holdings
Collection code Home library Current library Date acquired Cost, normal purchase price Full call number Accession Number Koha item type
  Henry Martyn Institute Library Henry Martyn Institute Library 06/28/2007 125.00 297.82 KHO 017774 Books
                   Copyright © 2026 | Henry Martyn Institute | Hyderabad | TS-500052 | INDIA | Implemented by hmi.edu.in
Hit-Count:

Powered by Koha